Jizo-kultusz kérdések a japán buddhizmus, az abortusz és bioetika összefüggéseiről /
Elmentve itt :
| Szerző: | |
|---|---|
| Dokumentumtípus: | Könyv része |
| Megjelent: |
2017
|
| Sorozat: | Vallás a társadalomban = Religion in society
A fikciótól a kultuszokig : tanulmányok az alkalmazott valláskutatás területéről |
| Kulcsszavak: | Orvosi etika, Abortusz, Buddhizmus, Vallástudomány |
| Tárgyszavak: | |
| Online Access: | http://acta.bibl.u-szeged.hu/68927 |
| LEADER | 00953naa a2200229 i 4500 | ||
|---|---|---|---|
| 001 | acta68927 | ||
| 005 | 20220322154018.0 | ||
| 008 | 200605s2017 hu o 0|| hun d | ||
| 040 | |a SZTE Egyetemi Kiadványok Repozitórium |b hun | ||
| 041 | |a hun | ||
| 100 | 1 | |a Nagy Attila | |
| 245 | 1 | 0 | |a Jizo-kultusz |h [elektronikus dokumentum] : |b kérdések a japán buddhizmus, az abortusz és bioetika összefüggéseiről / |c Nagy Attila |
| 260 | |c 2017 | ||
| 300 | |a 113-154 | ||
| 490 | 0 | |a Vallás a társadalomban = Religion in society | |
| 490 | 0 | |a A fikciótól a kultuszokig : tanulmányok az alkalmazott valláskutatás területéről | |
| 650 | 4 | |a Társadalomtudományok | |
| 650 | 4 | |a Szociológia | |
| 650 | 4 | |a Bölcsészettudományok | |
| 650 | 4 | |a Filozófia, etika és vallástudományok | |
| 695 | |a Orvosi etika, Abortusz, Buddhizmus, Vallástudomány | ||
| 856 | 4 | 0 | |u http://acta.bibl.u-szeged.hu/68927/1/vallas_a_tarsadalomban_06_113-154.pdf |z Dokumentum-elérés |